Object lessons using common things: (Record no. 9945)

000 -LEADER
fixed length control field 00709nam a2200193 a 4500
001 - CONTROL NUMBER
control field :::00007730$&:&@@
003 - CONTROL NUMBER IDENTIFIER
control field OkBaRHE
005 - DATE AND TIME OF LATEST TRANSACTION
control field 20110308183009.0
008 - FIXED-LENGTH DATA ELEMENTS--GENERAL INFORMATION
fixed length control field s1987 j 000 0 eng u
040 ## - CATALOGING SOURCE
Transcribing agency
100 1# - MAIN ENTRY--PERSONAL NAME
Personal name DeGolia, J. E.
245 10 - TITLE STATEMENT
Title Object lessons using common things:
Remainder of title how to teach Bible truths with everyday items.
260 ## - PUBLICATION, DISTRIBUTION, ETC. (IMPRINT)
Place of publication, distribution, etc Wheaton, IL., :
Name of publisher, distributor, etc Scripture Press
Date of publication, distribution, etc 1987
300 ## - PHYSICAL DESCRIPTION
Extent 78 p. ;
Dimensions 19 cm.
650 ## - SUBJECT ADDED ENTRY--TOPICAL TERM
Topical term or geographic name as entry element Object-teaching
942 ## - ADDED ENTRY ELEMENTS (KOHA)
Source of classification or shelving scheme
Koha item type Books
Copies
Koha item type Full call number Price effective from Damaged status Barcode Withdrawn status Lost status Date acquired Copy number Date last seen Not for loan Shelving location Source of classification or shelving scheme Permanent Location
BooksBV 1535 .D422010-04-14 7730  2010-04-1412011-03-08 General Stacks RHEMA Bible Training College
BooksBV 1535 .D422010-04-14 16345  2010-04-1422010-04-14 General Stacks RHEMA Bible Training College